[Event "Twente Young Master op-A"]
[Site "Twente"]
[Date "2007.08.11"]
[Round "9"]
[White "Van Kesteren, Ruben"]
[Black "Guijt, Erwin"]
[Result "1/2-1/2"]
[WhiteElo "1222"]
[BlackElo "1601"]
[PlyCount "72"]
[EventDate "2007.08.06"]
[EventType "swiss"]
[EventRounds "9"]
[EventCountry "NED"]
[SourceTitle "EXT 2008"]
[Source "ChessBase"]
[SourceDate "2007.11.25"]
[SourceVersion "1"]
[SourceVersionDate "2007.11.25"]
[SourceQuality "1"]

1. e4 e5 2. Nf3 Nc6 3. Nc3 Bc5 4. Bb5 d6 5. d4 exd4 6. Nxd4 Bd7 7. Be3 Qf6 8. Bxc6 bxc6 9. 0-0 Ne7 10. Re1 0-0 11. Nf5 Bxf5 12. Bxc5 Bd7 13. e5 Qg5 14. exd6 Bh3 15. g3 Qxc5 16. dxe7 Rfe8 17. Qe2 Be6 18. Ne4 Qxe7 19. Qe3 h6 20. Nc5 Qf6 21. Nxe6 Rxe6 22. Qc5 Rae8 23. Rxe6 Rxe6 24. c3 a6 25. a4 Re2 26. b4 Rc2 27. Ra3 Qf3 28. Ra1 Rxc3 29. Qa7 Rc2 30. Rf1 Qb3 31. Qxa6 Qxb4 32. a5 Ra2 33. Qc8+ Kh7 34. Qf5+ Kg8 35. Qc8+ Kh7 36. Qxc7 Rxa5 1/2-1/2

[Event "Twente Young Master op-A"]
[Site "Twente"]
[Date "2007.08.09"]
[Round "6"]
[White "Zimmermann, Dries"]
[Black "Guijt, Erwin"]
[Result "1-0"]
[WhiteElo "1675"]
[BlackElo "1601"]
[PlyCount "135"]
[EventDate "2007.08.06"]
[EventType "swiss"]
[EventRounds "9"]
[EventCountry "NED"]
[SourceTitle "EXT 2008"]
[Source "ChessBase"]
[SourceDate "2007.11.25"]
[SourceVersion "1"]
[SourceVersionDate "2007.11.25"]
[SourceQuality "1"]

1. e4 c5 2. d4 cxd4 3. c3 dxc3 4. Nxc3 e6 5. Nf3 a6 6. Bc4 Qc7 7. Qe2 b5 8. Bb3 Bb7 9. Be3 d6 10. Rc1 Qd8 11. 0-0 Nd7 12. Ng5 Be7 13. Bxe6 Bxg5 14. Bxd7+ Qxd7 15. Bxg5 Ne7 16. Rfd1 Qe6 17. Nxb5 axb5 18. Qxb5+ Qd7 19. Qxd7+ Kxd7 20. Bxe7 Kxe7 21. Rc7+ Ke6 22. Rxb7 Rxa2 23. Rc1 Rc8 24. Rb1 Rc2 25. f3 Ra4 26. Kh1 Rd4 27. b4 Rdd2 28. Rg1 h5 29. h4 Rd4 30. Rb6 f5 31. Rb5 g6 32. Re1 f4 33. e5 Rdd2 34. exd6+ Kd7 35. Rb7+ Kc6 36. Rc7+ Kxd6 37. Rxc2 Rxc2 38. Re4 Rb2 39. Rxf4 Ke5 40. Re4+ Kf5 41. Kh2 Kf6 42. Kh3 Rb3 43. Kg3 Kf5 44. Rc4 Ke5 45. Rc5+ Kf6 46. b5 Kf7 47. Kf4 Rb4+ 48. Kg5 Rb2 49. g4 Rg2 50. Rc6 hxg4 51. fxg4 Rb2 52. Rc7+ Kf8 53. Kxg6 Rxb5 54. Rf7+ Kg8 55. h5 Rb4 56. g5 Rb5 57. Rf6 Ra5 58. h6 Ra8 59. Re6 Rb8 60. Kf6 Rf8+ 61. Kg6 Rb8 62. Re7 Rb6+ 63. Kf5 Rb5+ 64. Re5 Rb7 65. g6 Rb8 66. g7 Rc8 67. Re6 Rc5+ 68. Kg6 1-0